00347pab a2200133 454500008004000000100001900040245005000059260000900109300001500118362001100133650001100144650002400155773003400179180718b1997 xxu||||| |||| 00| 0 eng d aMujumdar, N.A. aOverhauling the Somnolent rural credit system c1997 ap.2707-710 a18 Oct aCredit aAgricultural credit aEconomic and Political Weekly